Toàn tập Đặng Thai Mai; T3

Guardat en:
Dades bibliogràfiques
Autor principal: Đặng Thai Mai
Format: Llibre
Idioma:Undetermined
Publicat: Hà Nội Văn học 1997
Matèries:
Etiquetes: Afegir etiqueta
Sense etiquetes, Sigues el primer a etiquetar aquest registre!
Thư viện lưu trữ: Trung tâm Học liệu Trường Đại học Cần Thơ
LEADER 00490nam a2200169Ia 4500
001 CTU_23028
008 210402s9999 xx 000 0 und d
082 |a 895.922008 
082 |b M103/T3 
100 |a Đặng Thai Mai 
245 0 |a Toàn tập Đặng Thai Mai; T3 
245 0 |c Đặng Thai Mai 
260 |a Hà Nội 
260 |b Văn học 
260 |c 1997 
650 |a vietnamese literature - 20th century 
980 |a Trung tâm Học liệu Trường Đại học Cần Thơ